All's well that ends well

Bibliographic Details
Main Author: SHAKESPEARE, William
Other Authors: HUNTER, G.K
Format: Book
Published: London : Routledge , 1991
Series:The Arden Shakespeare
Subjects:

MARC

LEADER 00000cam a2200000 7i4500
001 0000001700
002 000001851
005 20000330.0
020 |a 0415026792 
090 0 0 |a 822.33   |b SHA 
100 1 |a SHAKESPEARE, William 
245 1 0 |a All's well that ends well   |c William Shakespeare ; edited by G.K. Hunter 
260 |a London :   |b Routledge ,   |c 1991 
300 |a 152p. ;   |c 20cm. 
490 0 |a The Arden Shakespeare 
650 0 0 |a All's well that ends well   |x Drama 
700 1 |a HUNTER, G.K 
999 |a 034085   |b BUKU   |c PINJAMAN   |e PERPUSTAKAAN KOMUNITI PETALING JAYA